000 00228nam a2200109Ia 4500
100 _a#N/A
942 _cBK
654 _amslive communication server 2003
245 _aLinux kernel 6.0
260 _b#N/A
_c2004
546 _aENGLISH
999 _c31842
_d31842